Normal view
MARC view
- Soil moisture
Entry Topical Term
001 - CONTROL NUMBER
- control field: 42516
003 - CONTROL NUMBER IDENTIFIER
- control field: NUST
005 - DATE AND TIME OF LATEST TRANSACTION
- control field: 20210314132331.0
008 - FIXED-LENGTH DATA ELEMENTS
- fixed length control field: 210314|| aca||aabn | a|a d
040 ## - CATALOGING SOURCE
- Original cataloging agency: NUST
- Transcribing agency: NUST
150 ## - HEADING--TOPICAL TERM
- Topical term or geographic name entry element: Soil moisture
670 ## - SOURCE DATA FOUND
- Source citation: Work cat.: (NUST): Fredlund, D. G. 42515, Soil mechanics for unsaturated soils /, c1993.
